| 000 | | | 05380cmc2a2200000#x 450 |
| 001 | | | c41f8181-c72a-47a0-8a30-807a4b137927 |
| 005 | | | 20181212144045.0 |
| 101 | 0# | $a | rus |
| 102 | ## | $a | RU |
| 200 | 1# | $a | Экономические примечания к атласам Краснослободского уезда Нижегородской губернии |
| | $j | 1798 г. |
| 251 | ## | $c | Дело |
| 215 | ## | $a | 469 листов |
| | $d | 43,5х28 см |
| 225 | 0# | $a | Фонд Третий (Межевой) департамент Сената |
| | $h | Опись № 312 |
| 801 | #0 | $a | RU |
| | $b | РГИА |
| 801 | #1 | $a | RU |
| | $b | ПБ им. Б.Н. Ельцина |
| | $2 | rusmarc |
| | $c | 20160405 |
| 801 | #2 | $a | RU |
| | $b | ПБ им. Б.Н. Ельцина |
| | $g | RCR |
| | $2 | rusmarc |
| 850 | ## | $a | Федеральное казенное учреждение "Российский государственный исторический архив" |
| 852 | ## | $a | РГИА |
| | $j | 116 |
| 100 | ## | $a | 20130627l17981798k##a0rusy0102####са |
| 937 | ## | $d | 7335353 |
| | $h | ПБ |
| 105 | ## | $a | y### |
| 122 | 0# | $a | d1798###### |
| 461 | #0 | $1 | 001ebc0343a-a132-48a6-be8c-b713cc0ce628 |
| | $1 | 2001 |
| | $a | Межевой департамент Сената |
| | $1 | 251 |
| | $c | Фонд |
| | $1 | 852 |
| | $j | 1350 |
| 462 | #0 | $1 | 001af965447-1beb-4f91-a7b0-2d8e851eff51 |
| | $1 | 2001 |
| | $a | 1777-1802 гг. |
| | $v | Д. 116 |
| | $1 | 251 |
| | $c | Опись |
| | $1 | 852 |
| | $j | 312 |
| 035 | ## | $a | c41f8181-c72a-47a0-8a30-807a4b137927 |
| 686 | ## | $2 | rubbk |
| | $a | 63.3(28-8Ниж)513ю1 |
| | $v | LBC/M |
| 686 | ## | $a | 65.03(28-8Ниж)513ю1 |
| | $v | LBC/M |
| | $2 | rubbk |
| 617 | ## | $2 | prlib_sh |
| | $c | Нижегородская губерния |
| | $c | Краснослободский уезд |
| 617 | ## | $2 | prlib_sh |
| | $b | Мордовия, Республика |
| 607 | ## | $2 | prlib_sh |
| | $3 | LIBNET\UAF\0000078940 |
| | $a | Нижегородская губерния |
| | $j | Документы и материалы |
| | $x | Экономическая география |
| | $z | кон. 18 в. |
| 605 | ## | $2 | acquisition_Prlib |
| | $3 | DITM\AF\0000003835 |
| | $a | Республика Мордовия: страницы истории |
| | $l | коллекция |
| 605 | ## | $a | Территория России: Мордовия, Республика |
| | $l | коллекция |
| | $2 | acquisition_Prlib |
| | $3 | LIBNET\UAF\0000061723 |
| 605 | ## | $a | Территория |
| | $l | коллекция |
| | $2 | acquisition_Prlib |
| | $3 | DITM\AF\0000004675 |
| 300 | ## | $a | Печатный и рукописный текст |
| 300 | ## | $a | Заголовок дела также: Экономические примечания к атласам. Нижегородская губерния. Краснослободский уезд |
| 517 | 1# | $a | Экономические примечания к атласам. Нижегородская губерния. Краснослободский уезд |